Score 0/42 Timer 05:00
1 Play Today
Pattern Word % Correct
M O N _ _month
99.3%
_ _ M O Ndemon
97.1%
M _ _ O Nmelon
94.9%
W E _ _ Dweird
91.8%
_ F R I _ _Africa
89.7%
_ W E D _ _Sweden
89.6%
W E _ D _ _ _wedding
89.6%
T _ _ _ U Etongue
86.7%
W _ E _ D _ _weekday
85.8%
T U _ E _ _tuxedo
85%
T H U _ _thumb
83%
M O _ _ _ Nmolten
81.5%
S U _ _ NSudan
80.1%
_ _ F _ R Isafari
79.3%
_ S U N _ _ _tsunami
78.4%
W E _ D _Wendy
76.9%
_ _ _ M O Nsalmon
75.1%
_ _ M _ O Nsummon
75.1%
S _ _ U _ NSaturn
74.4%
_ _ T _ H U _ketchup
73.6%
_ S _ _ A _ Tasphalt
71.8%
Pattern Word % Correct
F _ R _ I _forbid
71.3%
S _ A T _ _statue
69.6%
F R I _ _ _frigid
67.6%
S A _ _ Tsaint
66.8%
_ _ T H U _Arthur
65.5%
T U _ E _tuber
61.4%
T H _ _ _ _ UThoreau
58.2%
T _ _ _ U Etorque
57.5%
_ _ S U _ _ Ninsulin
57.5%
_ _ T U _ Emature
49.8%
S _ _ A _ Tsavant
47.9%
_ _ T H _ U _lithium
45.5%
_ _ S _ A T _basmati
45.4%
_ _ T H _ U _isthmus
43.9%
_ W E _ DTweed
40.2%
S _ _ _ U Nshogun
31.9%
_ _ T U _ ENature
25.2%
_ _ F R _ I _refrain
24.7%
S _ U N _sauna
19.3%
S _ A _ TShaft
15.5%
F _ _ R I _florin
10.4%

You're not logged in!

Compare scores with friends on all Sporcle quizzes.
OR
Log In

Sporcle TV

Today on Sporcle TV


Watch our educational content, quiz creation guides, and fun videos on Sporcle TV.

Show Comments

Extras

Top Quizzes Today


Score Distribution

Paid Content

Your Account Isn't Verified!

In order to create a playlist on Sporcle, you need to verify the email address you used during registration. Go to your Sporcle Settings to finish the process.

Report this User

Report this user for behavior that violates our Community Guidelines.

Details: